<?xml version="1.0" encoding="UTF-8"?><?xml-stylesheet type="text/xsl" href="static/style.xsl"?><OAI-PMH xmlns="http://www.openarchives.org/OAI/2.0/" xmlns:xsi="http://www.w3.org/2001/XMLSchema-instance" xsi:schemaLocation="http://www.openarchives.org/OAI/2.0/ http://www.openarchives.org/OAI/2.0/OAI-PMH.xsd"><responseDate>2026-04-27T20:21:48Z</responseDate><request verb="GetRecord" identifier="oai:uvadoc.uva.es:10324/43731" metadataPrefix="marc">https://uvadoc.uva.es/oai/request</request><GetRecord><record><header><identifier>oai:uvadoc.uva.es:10324/43731</identifier><datestamp>2021-06-23T11:08:15Z</datestamp><setSpec>com_10324_1162</setSpec><setSpec>com_10324_931</setSpec><setSpec>com_10324_894</setSpec><setSpec>col_10324_1322</setSpec></header><metadata><record xmlns="http://www.loc.gov/MARC21/slim" xmlns:doc="http://www.lyncode.com/xoai" xmlns:xsi="http://www.w3.org/2001/XMLSchema-instance" xmlns:dcterms="http://purl.org/dc/terms/" xsi:schemaLocation="http://www.loc.gov/MARC21/slim http://www.loc.gov/standards/marcxml/schema/MARC21slim.xsd">
<leader>00925njm 22002777a 4500</leader>
<datafield tag="042" ind1=" " ind2=" ">
<subfield code="a">dc</subfield>
</datafield>
<datafield tag="720" ind1=" " ind2=" ">
<subfield code="a">Moratinos García, Manuel</subfield>
<subfield code="e">author</subfield>
</datafield>
<datafield tag="720" ind1=" " ind2=" ">
<subfield code="a">Villanueva Zubizarreta, Olatz</subfield>
<subfield code="e">author</subfield>
</datafield>
<datafield tag="260" ind1=" " ind2=" ">
<subfield code="c">2005</subfield>
</datafield>
<datafield tag="520" ind1=" " ind2=" ">
<subfield code="a">La ciudad de Toro  contó en época Moderna con un importante sector artesanal dedicado a la elaboración de manufacturas cerámicas. Los documentos notariales conservados que de ello nos informan y las evidencias arqueológicas recuperadas en el subsuelo del tradicional barrio de los alfareros, nos permiten aquí esbozar unos primeros apuntes sobre la alfarería local, en especial en lo que a vajilla y a azuleje­ría se refiere.</subfield>
</datafield>
<datafield tag="520" ind1=" " ind2=" ">
<subfield code="a">During the Modern Age, the city of Toro possessed an important craft industry devoted to the manufacture of pottery. The legal documents that have been pre­served and the archaeological record found in the potter's district, allow us to pre­sent here the first information on the local pottery, particularly that one related to crockery and tiling.</subfield>
</datafield>
<datafield tag="024" ind2=" " ind1="8">
<subfield code="a">Studia Zamorensia, Nº. 7, 2005, págs. 229-246</subfield>
</datafield>
<datafield tag="024" ind2=" " ind1="8">
<subfield code="a">0214-736X</subfield>
</datafield>
<datafield tag="024" ind2=" " ind1="8">
<subfield code="a">http://uvadoc.uva.es/handle/10324/43731</subfield>
</datafield>
<datafield tag="024" ind2=" " ind1="8">
<subfield code="a">229</subfield>
</datafield>
<datafield tag="024" ind2=" " ind1="8">
<subfield code="a">7</subfield>
</datafield>
<datafield tag="024" ind2=" " ind1="8">
<subfield code="a">246</subfield>
</datafield>
<datafield tag="024" ind2=" " ind1="8">
<subfield code="a">Studia Zamorensia</subfield>
</datafield>
<datafield tag="245" ind1="0" ind2="0">
<subfield code="a">El artesanado del barro en Toro durante la época moderna</subfield>
</datafield>
</record></metadata></record></GetRecord></OAI-PMH>